| 000 | 00717nam a2200253Ia 4500 | ||
|---|---|---|---|
| 003 | OSt | ||
| 005 | 20220926032251.0 | ||
| 006 | a|||||r|||| 00| 0 | ||
| 007 | ta | ||
| 008 | 220923b |||||||| |||| 00| 0 eng d | ||
| 020 | _a1873410387 | ||
| 037 | _cGeneral Book | ||
| 040 |
_aRTL _cRTL _beng |
||
| 041 |
_2eng _aeng |
||
| 082 | _aY54.42.N, N7 | ||
| 100 |
_aTurnbull Stephen _923649 |
||
| 245 | 0 |
_aSamurai _b A military history |
|
| 260 |
_aSurrey _bCurzon Press _c1999 |
||
| 300 |
_axvii, 285p _ccm. |
||
| 500 | _aBibiliography: P 273-76; Appendix: P 268-72 | ||
| 650 |
_aMilitary Class _9237362 |
||
| 942 |
_hY54.42.N, N7 _cGB _2CC |
||
| 999 |
_c654288 _d654288 |
||